| 000 | 00622nam a2200229 i 4500 | ||
|---|---|---|---|
| 001 | 15422 | ||
| 003 | ES-MaACL | ||
| 005 | 20250911062633.0 | ||
| 007 | t| | ||
| 008 | 000308s1999 sp ||||1| spa d | ||
| 020 | _a84-233-3133-4 | ||
| 080 | _a821.134.2-32"19" | ||
| 100 | 1 |
_aTomeo, Javier. _9110550 |
|
| 245 | 1 | 3 |
_aLa rebelión de los rábanos / _cJavier Tomeo. |
| 250 | _a1ª ed. | ||
| 260 |
_aBarcelona : _bDestino, _c1999. |
||
| 300 |
_a165 p. ; _c23 cm. |
||
| 490 | 1 |
_aAncora y delfín ; _v863 |
|
| 830 | 0 | 0 |
_aÁncora y Delfín _v863 _9151298 |
| 852 |
_aES-MaACL _jL-22496 _bR.127904 |
||
| 999 |
_c15422 _d15422 |
||